Gaming Quiz

Random Gaming or Video Games Quiz

Choose From Four: Video Games Quiz Stats

 Plays Quiz Updated Nov 25, 2019

Score 0/20 Timer 05:00
41 Plays Today
Question Answer Wrong Answers
Classic Platformers
Super Mario World
Super Mario World
92.7%
Banjo Kazooie
0.8%
Crash Bandicoot: Warped
1%
Sonic 3 & Knuckles
1.8%
Classic Platformers
Sonic 3 & Knuckles
Sonic 3 & Knuckles
92.6%
Super Mario World
1%
Banjo Kazooie
1.2%
Crash Bandicoot: Warped
1.4%
Classic Platformers
Crash Bandicoot: Warped
Crash Bandicoot: Warped
86.6%
Super Mario World
0.8%
Banjo Kazooie
7.2%
Sonic 3 & Knuckles
1.5%
Driving Simulations
Grand Theft Auto: San Andreas
GTA: San Andreas
85.3%
Need For Speed: Hot Pursuit
3.4%
Forza Horizon 3
4.8%
Project Cars
2.7%
Classic Platformers
Banjo Kazooie
Banjo Kazooie
82.8%
Super Mario World
0.9%
Crash Bandicoot: Warped
10.9%
Sonic 3 & Knuckles
1.6%
MMORPGs
World of Warcraft
World of Warcraft
80.5%
RuneScape
2.6%
EverQuest
4.8%
Guild Wars 2
8%
First Person Shooters
Battlefield 3
Battlefield 3
78.8%
Quake
2.3%
Counter-Strike
5.4%
DOOM (2016)
9.5%
First Person Shooters
Counter-Strike
Counter-Strike
76.5%
Quake
3.6%
DOOM (2016)
4.9%
Battlefield 3
10.7%
Basketball Games
NBA 2k14
NBA 2k14
74.6%
NBA Jam
2.6%
NBA Live 95
2.4%
NBA Ballers
16.4%
Basketball Games
NBA Jam
NBA Jam
69.8%
NBA Live 95
8.4%
NBA 2k14
6.9%
NBA Ballers
11.1%
First Person Shooters
DOOM (2016)
DOOM (2016)
66.7%
Quake
19.5%
Counter-Strike
3.3%
Battlefield 3
6.3%
First Person Shooters
Quake
Quake
64.6%
Counter-Strike
8.1%
DOOM (2016)
11.6%
Battlefield 3
11.3%
MMORPGs
RuneScape
RuneScape
64.2%
World of Warcraft
8.4%
EverQuest
14.1%
Guild Wars 2
9.1%
Basketball Games
NBA Live 95
NBA Live 95
63.2%
NBA Jam
13.8%
NBA 2k14
11%
NBA Ballers
7.9%
Basketball Games
NBA Ballers
NBA Ballers
61.3%
NBA Jam
11.7%
NBA Live 95
12.9%
NBA 2k14
9.9%
MMORPGs
EverQuest
EverQuest
56.8%
World of Warcraft
8.2%
RuneScape
13.6%
Guild Wars 2
16.9%
MMORPGs
Guild Wars 2
Guild Wars 2
56.6%
World of Warcraft
12.6%
RuneScape
11.1%
EverQuest
15.2%
Driving Simulations
Need For Speed: Hot Pursuit
Need For Speed: Hot Pursuit
54.2%
GTA: San Andreas
6.7%
Forza Horizon 3
15.3%
Project Cars
19.5%
Driving Simulations
Project Cars
Project Cars
52.2%
Need For Speed: Hot Pursuit
16.9%
GTA: San Andreas
7.6%
Forza Horizon 3
19%
Driving Simulations
Forza Horizon 3
Forza Horizon 3
45.8%
Need For Speed: Hot Pursuit
14.6%
GTA: San Andreas
3.6%
Project Cars
31.7%

You're not logged in!

Compare scores with friends on all Sporcle quizzes.
OR
Log In

Sporcle TV

Today on Sporcle TV


Watch our educational content, quiz creation guides, and fun videos on Sporcle TV.

Show Comments

Extras

Top Quizzes Today


Score Distribution

Your Account Isn't Verified!

In order to create a playlist on Sporcle, you need to verify the email address you used during registration. Go to your Sporcle Settings to finish the process.

Report this User

Report this user for behavior that violates our Community Guidelines.

Details: